Nanotechnology : (Record no. 598497)

000 -LEADER
fixed length control field 00356nam a2200121Ia 4500
008 - FIXED-LENGTH DATA ELEMENTS--GENERAL INFORMATION
fixed length control field 230907s9999||||xx |||||||||||||| ||und||
082 ## - DEWEY DECIMAL CLASSIFICATION NUMBER
Classification number 620.5
Author Mark SHE
100 ## - MAIN ENTRY--PERSONAL NAME
Personal name Shelley, Toby.
9 (RLIN) 115473
245 #0 - TITLE STATEMENT
Title Nanotechnology :
260 ## - PUBLICATION, DISTRIBUTION, ETC.
Place of publication, distribution, etc. Distributed in the USA exclusively by Palgrave Macmillan,
Name of publisher, distributor, etc. London ; | New York :
Date of publication, distribution, etc. 2006
300 ## - PHYSICAL DESCRIPTION
Extent 170 p. ;
942 ## - ADDED ENTRY ELEMENTS (KOHA)
Koha item type Book
Holdings
Withdrawn status Lost status Damaged status Not for loan Permanent Location Current Location Date acquired Total Checkouts Full call number Barcode Date last seen Price effective from Koha item type
        US-Pakistan Center for Advanced Studies in Energy (USPCAS-E) US-Pakistan Center for Advanced Studies in Energy (USPCAS-E) 07/19/2019   620.5 SHE CAS-E0002596 09/12/2023 09/12/2023 Book
© 2023 Central Library, National University of Sciences and Technology. All Rights Reserved.